000 00652nam a2200229Ia 4500
003 OSt
005 20220918204919.0
006 a|||||r|||| 00| 0
007 ta
008 220917b |||||||| |||| 00| 0 eng d
024 _a114,669
037 _cTextual
040 _aARTS
_cARTS
_beng
041 _2eng
_aeng
082 _aV58:24p, J3
100 _aGruliow L
_9113538
245 0 _aCurrent Soviet policies
_b the documentary record of the 19th communist party congress and the organization after Stalin's death
260 _c1953
650 _aHISTORY
942 _hV58:24p, J3
_cTEXL
_2CC
999 _c237999
_d237999